<?xml version="1.0" encoding="UTF-8"?>
<collection xmlns="http://www.loc.gov/MARC21/slim">
 <record>
  <leader>01443nam a2200229 a 4500</leader>
  <controlfield tag="001">1/34361</controlfield>
  <controlfield tag="008">080221s2006    njua     bi   001 0 eng  </controlfield>
  <datafield tag="020" ind1=" " ind2=" ">
   <subfield code="a">0131485210</subfield>
  </datafield>
  <datafield tag="035" ind1=" " ind2=" ">
   <subfield code="l">36831</subfield>
  </datafield>
  <datafield tag="040" ind1=" " ind2=" ">
   <subfield code="a">DLC</subfield>
   <subfield code="c">DLC</subfield>
   <subfield code="d">GR-PeUP</subfield>
  </datafield>
  <datafield tag="082" ind1="0" ind2="0">
   <subfield code="a">005.1 TAN</subfield>
  </datafield>
  <datafield tag="100" ind1="1" ind2=" ">
   <subfield code="a">Tanenbaum, Andrew S.,</subfield>
   <subfield code="d">1944-</subfield>
  </datafield>
  <datafield tag="245" ind1="1" ind2="0">
   <subfield code="a">Structured computer organization /</subfield>
   <subfield code="c">Andrew S. Tanenbaum.</subfield>
  </datafield>
  <datafield tag="250" ind1=" " ind2=" ">
   <subfield code="a">5th ed.</subfield>
  </datafield>
  <datafield tag="260" ind1=" " ind2=" ">
   <subfield code="a">Upper Saddle River, N.J. :</subfield>
   <subfield code="b">Pearson Prentice Hall,</subfield>
   <subfield code="c">c2006.</subfield>
  </datafield>
  <datafield tag="300" ind1=" " ind2=" ">
   <subfield code="a">xx, 777 σ. :</subfield>
   <subfield code="b">εικ. ;</subfield>
   <subfield code="c">25 εκ. +</subfield>
   <subfield code="e">1 οπτικό δίσκο Η/Υ.</subfield>
  </datafield>
  <datafield tag="504" ind1=" " ind2=" ">
   <subfield code="a">Περιέχει βιβλιογραφία και ευρετήριο.</subfield>
  </datafield>
  <datafield tag="538" ind1=" " ind2=" ">
   <subfield code="a">Απαιτήσεις συστήματος : Pentium II 450-MHz processor; 10 MB of available hard disc space; Windows Server 2003, XP Professional, XP Home Edition, XPMedia Center Edition, XP Tablet PC Edition, 2000 Professional, 2000 Server, Windows ME, Windows 98, or Intel/Linux platforms with RedHat 9.0, or Mac OS X 10.3, or SPARC/Solaris platforms with Solaris 8-10; Internet browser, Sun's Java JRE 1.4 if Mic-1 software is installed, zip decompression utility for modifying and recompiling source files of Mic-1 software; Internet connection, CD-ROM drive, screen resolution 800 x 600.</subfield>
  </datafield>
  <datafield tag="650" ind1=" " ind2="4">
   <subfield code="a">Computer programming.</subfield>
  </datafield>
  <datafield tag="650" ind1=" " ind2="4">
   <subfield code="a">Computer organization.</subfield>
  </datafield>
  <datafield tag="852" ind1=" " ind2=" ">
   <subfield code="a">INST</subfield>
   <subfield code="b">UNIPILB</subfield>
   <subfield code="c">MAIN</subfield>
   <subfield code="e">20080221</subfield>
   <subfield code="h">005.1 TAN</subfield>
   <subfield code="p">00155221</subfield>
   <subfield code="q">00155221</subfield>
   <subfield code="t">LOAN</subfield>
   <subfield code="y">0</subfield>
   <subfield code="4">1</subfield>
  </datafield>
  <datafield tag="856" ind1="4" ind2=" ">
   <subfield code="d">/webopac/covers/02/36831_0131485210.jpg</subfield>
  </datafield>
 </record>
</collection>
